Introduction to forensic DNA evidence for criminal justice professionals (Record no. 11417)

MARC details
000 -LEADER
fixed length control field 00485nam a2200169Ia 4500
008 - FIXED-LENGTH DATA ELEMENTS--GENERAL INFORMATION
fixed length control field 230917s9999||||xx |||||||||||||| ||und||
020 ## - ISBN
Price GBP38.99
040 ## - CATALOGING SOURCE
-- 216446
Original cataloging agency VIVEKANANDA LIBRARY
041 ## - Language
-- English
082 ## - DDC NUMBER
Classification number 362.256 T194I
100 ## - MAIN ENTRY--PERSONAL NAME
Personal name Taupin, Jane Moira
245 #0 - TITLE STATEMENT
Title Introduction to forensic DNA evidence for criminal justice professionals
260 ## - PUBLICATION, DISTRIBUTION, ETC. (IMPRINT)
Place of publication, distribution, etc Boca Raton
Name of publisher, distributor, etc CRC
Date of publication, distribution, etc 2014
300 ## - PHYSICAL DESCRIPTION
Pages xviii, 174 p.
500 ## - GENERAL NOTE
General note 1549 19/05/2014 49 20/05/2014 Main Budget
942 ## - ADDED ENTRY ELEMENTS (KOHA)
Koha item type Books
Holdings
Withdrawn status Lost status Damaged status Not for loan Location (home branch) Sublocation or collection (holding branch) Date acquired Koha issues (times borrowed) Koha full call number Accession No. Koha date last seen Koha item type
        VIVEKANANDA LIBRARY VIVEKANANDA LIBRARY 10/06/2014   362.256 T194I 306220 17/09/2023 Books
© Designed and Maintained by Vivekananda Library, MDU Rohtak